Name All Of Avril Lavigne's Albums - Statistics

General Stats
  • This quiz has been taken 60 times
  • The average score is 6 of 8
Answer Stats
Year Album % Correct
2002 Let Go
100%
2004 Under My Skin
89%
2022 Love Sux
86%
2007 The Best Damn Thing
86%
2013 Avril Lavigne
84%
2019 Head Above Water
84%
2003 (Live) My World
32%
2011 Goodbye Lullabye
24%
No matching quizzes found
Score Distribution
Percent of People with Each Score
Percentile by Number Answered
Your Score History
You have not taken this quiz